Birds A-Z #2 - Statistics

General Stats
  • This quiz has been taken 27 times
  • The average score is 11 of 26
Answer Stats
Hint Answer % Correct
Sharp-eyed hunter Hawk
83%
Deadly flightless bird from Australia Cassowary
78%
Webbed-footed waterfowl Duck
78%
Fast-flying predator Falcon
78%
Polar bears don’t eat this animal, believe it or not Penguin
78%
“When the red, red ____ comes bob, bob, bobbin’ along” Robin
74%
Angling royalty Kingfisher
61%
Rhymes with pecan Toucan
61%
Large, colourful parrot Macaw
57%
White heron found near water Egret
52%
Diving bird or a silly, foolish person Loon
48%
This bird has a currency named after it Quetzal
48%
Small, bright yellow songbird Goldfinch
43%
Fish-eating raptor with reversible toes Osprey
43%
Corvidae family member Jay
35%
“I’d rather be a _____ that a snail” Sparrow
26%
Tiny, energetic bird with a loud song Wren
26%
Beatles song: ___ ___ way Blue Jay
22%
Wading bird with long legs Avocet
17%
Small songbird with blue plumage Indigo Bunting
17%
Jenny Lind was known as a type of this Nightingale
13%
Small songbird often heard before scene Vireo
13%
Arctic gull with a forked tail Xeme
9%
Small, yellow songbird found near water Yellow Warbler
4%
Tiny grassland bird with buzzing calls Zitting Cisticola
4%
Grassland bird with long legs Upland Sandpiper
0%
No matching quizzes found
Score Distribution
Percent of People with Each Score
Percentile by Number Answered
Your Score History
You have not taken this quiz